000
00284 a2200145 4500
001
178522
020
_a
040
_c
Magnum
100
_a
Edelbra
240
1
0
_a
Rapunzel
_l
SEM
245
1
0
_a
Rapunzel
362
0
_a
1899
697
_a
MAGNITO: MAGNITO SEM ÁREA E AS
942
_c
BK
999
_c
178522
_d
178522